[Event "FIDE Chesscom Grand Swiss 2021"]
[Site "Riga"]
[Date "2021.10.29"]
[Round "3.45"]
[White "Bartel, Mateusz"]
[Black "Rakhmanov, Aleksandr"]
[Result "1/2-1/2"]
[WhiteElo "2597"]
[BlackElo "2657"]
[Annotator "TA"]
[PlyCount "82"]
[EventDate "2021.10.27"]
[EventType "swiss"]
[EventCountry "LAT"]
[Tiebreak "Cut1 Buchholz+Sonneborn-Berger (Swiss)"]
[SourceTitle "playchess.com"]
[Source "ChessBase"]
[SourceQuality "1"]

{[%evp 11,82,33,36,25,25,12,14,29,31,1,32,0,0,-8,10,17,11,14,13,13,15,5,21,3,0,
0,5,8,0,0,7,1,0,3,11,9,19,25,26,26,28,0,0,0,0,0,0,0,10,-22,0,-8,-8,-18,0,0,0,0,
0,0,0,0,0,0,8,8,8,8,12,8,12,8,16]} 1. e4 e5 2. Nf3 Nf6 3. Nxe5 d6 4. Nf3 Nxe4
5. Nc3 Nf6 6. d4 Be7 7. Bg5 {C42: Petroff Defence: 3 Nxe5 and unusual White
3rd moves.} h6 $1 {[%mdl 4] is now more promising than 7...0-0.} 8. Bh4 {[#]}
Nbd7 $146 ({Predecessor:} 8... Nh5 9. Qe2 Nf4 10. Qe3 Ng6 11. Bxe7 Qxe7 12. Nd5
Qxe3+ 13. fxe3 Kd8 14. Bd3 Be6 {0-1 (28) Sheng,J (2451)-Li,D (2488) Chess.com
INT 2019}) 9. Qd2 Nb6 10. O-O-O Be6 11. Bxf6 Bxf6 12. d5 (12. Bb5+ {with more
complications.} c6 13. d5 Bxc3 14. Qxc3 Bxd5 15. Rxd5 Nxd5 16. Bxc6+ bxc6 17.
Qxc6+ Ke7 18. Re1+) 12... Bxc3 13. Qxc3 Nxd5 14. Qxg7 Qf6 15. Qxf6 Nxf6 16. Nd4
O-O-O 17. Nxe6 fxe6 18. f4 e5 19. Bc4 Rde8 20. fxe5 Rxe5 21. Rdf1 Ng4 22. Bd3 {
[#] And now Bf5+ would win.} Ne3 23. Rf2 Rhe8 24. g4 c5 25. h4 c4 26. Bg6 Rg8 {
The position is equal.} 27. h5 Nxg4 28. Rf4 Ne3 29. Kd2 Rg7 30. Rhh4 Rge7 31.
a4 Kc7 32. Re4 {[#] Hoping for Kxe3.} Rxe4 33. Bxe4 $11 {[%mdl 4096] Endgame
KRB-KRN} Nf1+ 34. Kc3 Ng3 35. Bd5 Re5 36. Rxc4+ Kb8 37. Bf7 Nxh5 38. Rh4 Ng3
39. Rxh6 Nf5 40. Rh2 Kc7 41. Bc4 Ne7 {An uneventful encounter.  Weighted Error
Value: White=0.05/Black=0.05} 1/2-1/2

[Event "FIDE Chesscom Grand Swiss 2021"]
[Site "Riga"]
[Date "2021.10.29"]
[Round "3.46"]
[White "Paravyan, David"]
[Black "Jobava, Baadur"]
[Result "0-1"]
[WhiteElo "2642"]
[BlackElo "2582"]
[Annotator "TA"]
[PlyCount "114"]
[EventDate "2021.10.27"]
[EventType "swiss"]
[EventCountry "LAT"]
[Tiebreak "Cut1 Buchholz+Sonneborn-Berger (Swiss)"]
[SourceTitle "playchess.com"]
[Source "ChessBase"]
[SourceQuality "1"]

{[%evp 15,114,24,30,-8,33,25,63,57,49,38,46,36,12,12,53,47,86,72,72,70,74,70,
104,9,11,11,11,9,6,8,8,6,6,8,8,0,0,0,0,-49,-49,-49,-56,-137,-77,-234,-67,-68,0,
-64,-64,-64,-64,-64,-26,-64,-8,-15,0,0,0,-664,-663,-2298,-2121,-1927,-1799,
-1795,-1801,-1701,-564,-29968,-29968,-29968,-29968,-29966,-29970,-29969,-29970,
-29974,-29975,-29971,-29973,-29979,-29980,-29980,-29981,-29980,-29981,-29982,
-29983,-29983,-29984,-29984,-29985,-29993,-29994,-29995,-29994,-29996,-29997]} 
1. d4 d5 2. c4 c6 3. Nf3 Nf6 4. Nc3 dxc4 5. a4 Bf5 6. Ne5 Nbd7 7. Nxc4 Nb6 8.
Ne5 a5 9. h3 {[#] D17: Slav Defence: 5 a4 Bf5: Lines with 6 Nh4 and 6 Ne5.} Bg6
$146 ({Predecessor:} 9... h6 10. g4 Bh7 11. Bg2 e6 12. O-O Bb4 13. e3 O-O 14.
Ne2 Qe7 15. b3 Rad8 16. Bb2 c5 {1-0 (29) Meskovs,N (2510)-Laurusas,T (2428)
Tallinn 2018}) 10. g3 Nfd7 11. Nxg6 {White is slightly better.} hxg6 12. Bg2 e5
13. d5 cxd5 14. Bxd5 Nxd5 15. Qxd5 Qb6 16. O-O Rxh3 17. Rd1 {[%csl Gd1][%cal
Rd5d7]} Qc6 18. Bg5 {Strongly threatening Nb5.} Be7 {[#]} 19. Bh4 (19. Nb5 $1
$16 Qxd5 (19... Rb8 20. Bxe7) 20. Nc7+ Kf8 21. Bxe7+ Kxe7 22. Nxd5+ Kf8 23.
Rac1) 19... Bxh4 $11 20. Kg2 Bxg3 $1 21. Kxh3 Bxf2 22. Rf1 Qxd5 $1 ({Don't go
for} 22... Qf6 $2 23. Kg2 $18) 23. Nxd5 Bb6 24. Rac1 {aiming for Rc7!} Rd8 25.
Rfd1 Bd4 26. Rc7 b6 {And now ...Nc5 would win.} 27. Kg2 (27. Ra7 {keeps more
tension.} b5 28. Rxa5 bxa4 29. Nc7+ Ke7 30. Nd5+) 27... Nf6 28. Nxf6+ gxf6 $15
{[%mdl 4096] Endgame KRR-KRB} 29. b3 (29. e3 $15 Bxe3 30. Rxd8+ Kxd8 31. Rxf7)
29... f5 $17 30. Rb7 $2 (30. e3 $17 {was the only defense.} Bxe3 31. Rxd8+ Kxd8
32. Rxf7) 30... e4 $2 (30... f4 $1 $19 31. Rc1 Rd7) 31. Rh1 $15 Rd6 (31... Kf8
$1 $15) 32. Rh7 (32. e3 $1 $11 Be5 33. Rh7) 32... Rd7 33. Rxd7 Kxd7 34. Rxf7+ {
KR-KB} Ke6 35. Rh7 f4 (35... Kd6 $15) 36. Kh3 $11 Kf5 37. Rf7+ Bf6 38. Rb7 $2 {
[%mdl 8192] Black converts the advantage convincingly.} (38. Rd7 $11) 38... g5
$1 $19 {[%cal Rg5g4]} 39. Rxb6 {Black should prevent Rb5+.} g4+ 40. Kh2 f3 41.
e3 Bc3 $1 {[%cal Rc3e1]} 42. Rb5+ {[#]} Kf6 $1 43. b4 {[#]} Be1 $1 {Black
mates.} 44. Rb6+ Kf7 45. Rb7+ Ke6 46. Rb6+ Kd7 47. Rg6 g3+ ({Not} 47... axb4
48. Rxg4 Kc6 49. Rxe4 $11) 48. Kh3 g2 49. bxa5 Bxa5 50. Rg7+ Ke6 51. Kh2 Bd2
52. a5 Bxe3 53. a6 Kf6 54. Rg8 Ba7 55. Rg3 Bb8 56. Kg1 Bxg3 57. a7 e3 {
Weighted Error Value: White=0.46/Black=0.11} 0-1

[Event "FIDE Chesscom Grand Swiss 2021"]
[Site "Riga"]
[Date "2021.10.29"]
[Round "3.47"]
[White "Tabatabaei, M. Amin"]
[Black "Gretarsson, Hjorvar Steinn"]
[Result "1-0"]
[WhiteElo "2639"]
[BlackElo "2577"]
[Annotator "TA"]
[PlyCount "95"]
[EventDate "2021.10.27"]
[EventType "swiss"]
[EventCountry "LAT"]
[Tiebreak "Cut1 Buchholz+Sonneborn-Berger (Swiss)"]
[SourceTitle "playchess.com"]
[Source "ChessBase"]
[SourceQuality "1"]

{[%evp 15,95,0,0,-6,0,0,0,-17,-30,-87,-88,-86,-71,-80,-82,-88,-33,-76,-83,-77,
8,10,6,19,29,12,21,11,31,33,29,25,45,53,235,226,205,90,305,301,276,266,272,271,
271,264,249,250,260,250,279,284,247,151,159,166,272,267,263,267,638,638,633,
592,635,633,612,607,578,570,716,716,712,706,701,683,695,638,1091,942,905,874]} 
1. d4 d5 2. Nf3 Nf6 3. Bf4 c5 4. e3 Nc6 5. Nbd2 e6 6. c3 Bd6 7. Bg3 O-O 8. Bd3
b6 9. Qe2 {D02: 1 d4 d5 2 Nf3 sidelines, including 2...Nf6 3 g3 and 2...Nf6 3
Bf4.} Bb7 10. e4 Be7 11. e5 {The position is equal.} Nh5 12. Ng5 $5 {[%mdl 4]
Exploring less charted territory.} Bxg5 $17 (12... Nxg3 $2 13. Bxh7+ Kh8 14.
Nxf7+ $1 {[%mdl 512]} Rxf7 15. hxg3 $18) 13. Qxh5 {[%csl Gd3][%cal Rh5h7]} g6
14. Qe2 cxd4 15. h4 {[#]} dxc3 $146 (15... Bxd2+ $17 16. Qxd2 dxc3 17. bxc3 Qc7
) ({Predecessor:} 15... Bh6 16. h5 g5 17. Rd1 dxc3 18. bxc3 f5 19. exf6 Qxf6
20. O-O Rae8 21. Nf3 e5 {0-1 (60) Matlakov,M (2685)-Caruana,F (2835) Chess.com
INT 2020}) 16. bxc3 Bxd2+ 17. Qxd2 f6 (17... d4 $17 18. O-O Rc8) 18. h5 $11 g5
({Don't go for} 18... fxe5 $2 19. hxg6 Qe7 20. Rxh7 $18) 19. exf6 Qxf6 20. O-O
e5 21. f3 Rad8 22. Rae1 {[%cal Ba1e1,Be1e2,Be2f2,Bf2f5][%mdl 32]} Rfe8 23. Re2
Re6 24. Rfe1 g4 $2 ({Black should try} 24... Kg7 $14) 25. fxg4 $18 e4 {[#]} 26.
Bb5 (26. Rf2 $1 $18 Qh6 27. Qxh6 Rxh6 28. Be2) 26... Ne5 $2 (26... Qe7 $16) 27.
Rf2 Qe7 28. Rf5 Nf7 {[%cal Be5f7,Bf7h6,Bh6g4][%mdl 32]} 29. Ref1 e3 30. Qd4 Nh6
31. Re5 Rxe5 32. Bxe5 $40 {[%mdl 128] And now Bf6! would win. White is out for
blood.} (32. Qxe5 Qxe5 33. Bxe5 Nxg4 $11) 32... Qc5 {[#]} 33. g5 $1 Ng4 {
Strongly threatening ...e2.} 34. Be2 Qxd4 35. Bxd4 ({Worse is} 35. cxd4 Nxe5
36. dxe5 d4 $11) 35... Bc8 (35... Nf2 $142 36. Bxe3 Ne4) 36. Rf4 Re8 37. c4 ({
Less strong is} 37. Bxg4 Bxg4 38. Rxg4 e2 $14) 37... Re4 $2 (37... Nf2 38. cxd5
Ne4) 38. Rxe4 {White is clearly winning.} dxe4 {[%mdl 4096] Endgame KBB-KBN}
39. c5 bxc5 40. Bc4+ Kf8 41. Bxc5+ {[%mdl 64] Double Attack} Ke8 42. g6 hxg6
43. hxg6 e2 44. Bb4 Bf5 45. Bf7+ Kd7 {Threatens to win with ...Be6.} 46. g7 Bh7
{[#]} 47. Bg6 $1 {[%mdl 512]} Bg8 48. Bf5+ {[%mdl 64] Double Attack.  Weighted
Error Value: White=0.11/Black=0.47} 1-0

[Event "FIDE Chesscom Grand Swiss 2021"]
[Site "Riga"]
[Date "2021.10.29"]
[Round "3.48"]
[White "Niemann, Hans Moke"]
[Black "Nguyen, Thai Dai Van"]
[Result "1/2-1/2"]
[WhiteElo "2638"]
[BlackElo "2577"]
[Annotator "TA"]
[PlyCount "151"]
[EventDate "2021.10.27"]
[EventType "swiss"]
[EventCountry "LAT"]
[Tiebreak "Cut1 Buchholz+Sonneborn-Berger (Swiss)"]
[SourceTitle "playchess.com"]
[Source "ChessBase"]
[SourceQuality "1"]

{[%evp 9,151,-7,12,8,6,-29,-11,-18,0,-4,0,0,0,0,0,0,0,0,0,0,0,0,21,27,19,1,0,0,
0,0,0,0,0,-3,35,35,30,31,33,31,37,31,29,12,14,14,27,37,58,72,107,110,120,120,
126,118,120,103,118,118,114,130,127,130,108,47,115,91,89,89,89,89,89,89,90,65,
68,64,90,90,92,85,92,46,46,46,51,51,101,101,370,316,302,326,314,256,204,244,
249,241,239,225,207,170,127,24,38,39,137,0,0,0,11,12,88,102,117,117,117,114,
114,114,114,13,13,13,13,13,13,13,13,13,13,13,13,13,59,84,1293,990,579,8,8,0]} 
1. Nf3 Nf6 2. g3 c5 3. b3 d5 4. Bb2 Nc6 5. Bg2 d4 6. O-O {A08: King's Indian
Attack.} e5 7. Na3 Bd6 8. Nc4 {[#]} Bc7 $146 ({Predecessor:} 8... O-O 9. d3 Bc7
10. a4 Be6 11. Ng5 Bg4 12. h3 Bh5 13. Ba3 Qe7 14. Qd2 Rad8 {0-1 (77) Nemeth,Z 
(2317)-Gal,J (2370) Hungary 2014}) 9. a4 Rb8 10. Ba3 b6 11. e3 O-O 12. exd4
exd4 13. c3 Be6 14. cxd4 Nxd4 15. Bb2 Bg4 16. Bxd4 cxd4 17. h3 Be6 18. Re1 Rc8
19. Rc1 h6 20. Qe2 d3 21. Qf1 Re8 22. Re3 Bf5 23. Rxe8+ Nxe8 24. Rc3 Bb8 25.
Qc1 Nf6 26. Nce5 Rxc3 27. Qxc3 Ne4 28. Qc4 Qc7 29. Nc6 $1 Nd6 30. Qc1 Be4 31.
Nfd4 Nf5 32. Qe1 Nxd4 33. Nxd4 Bxg2 34. Qe8+ Kh7 35. Kxg2 Qe5 36. Qxe5 Bxe5 $16
{[%mdl 4096] Endgame KB-KN} 37. Nf5 (37. Nc6 $16 Bc3 38. Kf3 (38. dxc3 $2 d2
$19) 38... Bxd2 39. Nxa7) 37... g6 (37... Kg6 $14 38. Ne3 f5) 38. Ne3 (38. f4 {
feels hotter.} Bb2 39. Nd6 Bc1 40. Kf2 Bxd2 41. Nxf7 h5 42. Ne5) 38... f5 39.
f4 Bd4 {Hoping for ...Bxe3.} 40. Kf3 Kg7 41. Nd1 Kf6 42. Nf2 Ke6 43. Nxd3 a5
44. Ne1 Kd5 45. Nc2 h5 46. Ne3+ ({Of course not} 46. Nxd4 $6 Kxd4 47. Ke2 h4
$11) 46... Kc5 47. Ke2 Bg7 48. Nc2 h4 49. gxh4 Kd5 $2 {[%mdl 8192]} (49... b5
$16) 50. Ke3 Bf6 51. h5 gxh5 52. Kd3 Bh4 53. Ne3+ Ke6 54. Ke2 Bf6 55. Kf3 Bd4
56. Kg3 Bf6 57. Nc4 ({White should play} 57. Kg2 $16) 57... Kd5 58. Nxb6+ Ke4
59. h4 ({Better is} 59. Nc4 $16 h4+ 60. Kf2) 59... Bd8 $11 60. Nc4 Kd3 61. Ne5+
Kxd2 (61... Ke4 $1 $11 {keeps the balance.}) 62. Nc6 $16 Bb6 {[#] ...Kc3 is
the strong threat.} 63. b4 $1 {[%cal Rb4a5]} axb4 64. Nxb4 Ke2 65. Nc6 Bf2+ 66.
Kg2 (66. Kh3 $16 {Black must now prevent a5.} Kf3 67. Ne5+ Ke4 68. a5) 66...
Bxh4 $11 67. Nd4+ Kd3 {[#]} 68. a5 $1 {[%cal Ba4a5,Ba5a6][%mdl 32]} Bd8 $1 {[#]
} ({But not} 68... Kxd4 $2 69. a6 $18) 69. a6 $1 Bb6 ({Don't blunder} 69...
Kxd4 $2 70. a7 $18) 70. Nxf5 Ke4 {[%mdl 64] Double Attack} 71. Ne7 Bc5 72. Ng6
Kd5 73. f5 Bd4 $2 {[%mdl 8192] [#]} (73... Kc6 $16) 74. Ne7+ $1 $18 Kd6 75.
Nc8+ $2 (75. f6 $1 $18 {White threatens Nf5+ and mate.} Kd7 76. Nf5) 75... Ke5
$11 76. Ne7 {Weighted Error Value: White=0.12/Black=0.14} 1/2-1/2

[Event "FIDE Chesscom Grand Swiss 2021"]
[Site "Riga"]
[Date "2021.10.29"]
[Round "3.49"]
[White "Vokhidov, Shamsiddin"]
[Black "Zhou, Jianchao"]
[Result "0-1"]
[WhiteElo "2521"]
[BlackElo "2629"]
[Annotator "TA"]
[PlyCount "62"]
[EventDate "2021.10.27"]
[EventType "swiss"]
[EventCountry "LAT"]
[Tiebreak "Cut1 Buchholz+Sonneborn-Berger (Swiss)"]
[SourceTitle "playchess.com"]
[Source "ChessBase"]
[SourceQuality "1"]

{[%evp 12,62,12,0,6,4,23,0,0,-2,0,7,0,2,2,-6,3,-23,-22,-34,-30,-38,-8,-8,-8,-8,
-17,-8,-26,-44,-37,-60,-53,-27,-29,-91,0,-31,-25,-25,0,0,0,0,0,-75,-83,-123,
-89,-372,-387,-397,-381]} 1. e4 c5 2. Nf3 d6 3. d4 cxd4 4. Nxd4 Nf6 5. Nc3 a6
6. h3 e5 7. Nb3 Be6 {B90: Sicilian Najdorf: Unusual White 6th moves, 6 Be3 Ng4
and 6 Be3 e5.} 8. f4 {The main line 8.f4 scores better than 8.Be3.} b5 9. f5
Bc8 {The position is equal.} 10. Bg5 Nbd7 11. a4 b4 12. Nd5 Bb7 {[#]} 13. Bc4
$146 ({Predecessor:} 13. Qf3 Be7 14. Bxf6 Nxf6 15. O-O-O Bc6 16. Nxf6+ Bxf6 17.
a5 Ba4 18. Rd5 O-O 19. g4 {1-0 (40) Hilwerda,J (2209)-Sethuraman,S (2038)
Paracin 2021}) 13... Be7 14. Bxf6 (14. Nxe7 {feels hotter.} Qxe7 15. Nd2 O-O
16. Qe2 Rac8 17. O-O) 14... Nxf6 15. Qd3 Nxd5 16. exd5 Bh4+ 17. g3 Bg5 18. h4
Bh6 19. a5 O-O 20. Qe4 Rc8 21. Rh2 Qc7 22. Bd3 f6 23. Rd1 (23. Ra4 $11) 23...
Ba8 ({Black should try} 23... Kh8 $17) 24. Kf1 Qb7 25. Qe2 Qxd5 26. Bxa6 {
[%mdl 64] Discovered Attack} Qc6 27. Bxc8 Rxc8 28. Kg1 {[#]} (28. a6 $11) 28...
d5 $1 $17 {[%mdl 1024] Black has strong compensation.} 29. a6 {[#]} d4 $1 {
And now ...Be3+ would win.} 30. Na5 $2 {[%mdl 8192]} (30. Rg2 $17) 30... Qb6
$19 {...d3+ is the strong threat.} 31. Nc4 Qc5 {Weighted Error Value: White=0.
33/Black=0.07} 0-1

[Event "FIDE Chesscom Grand Swiss 2021"]
[Site "Riga"]
[Date "2021.10.29"]
[Round "3.50"]
[White "Yilmaz, Mustafa"]
[Black "Bjerre, Jonas Buhl"]
[Result "1/2-1/2"]
[WhiteElo "2626"]
[BlackElo "2569"]
[Annotator "TA"]
[PlyCount "72"]
[EventDate "2021.10.27"]
[EventType "swiss"]
[EventCountry "LAT"]
[Tiebreak "Cut1 Buchholz+Sonneborn-Berger (Swiss)"]
[SourceTitle "playchess.com"]
[Source "ChessBase"]
[SourceQuality "1"]

{[%evp 11,72,12,23,12,21,20,17,0,0,0,3,16,16,16,16,16,16,16,16,10,14,11,14,12,
14,14,17,18,26,16,20,16,16,20,35,30,39,25,30,34,51,8,14,0,45,16,39,15,19,0,39,
45,53,36,72,25,27,0,72,72,79,0,50]} 1. d4 Nf6 2. c4 e6 3. Nf3 d5 4. Nc3 Bb4 5.
Qa4+ Nc6 6. e3 O-O 7. Qc2 {D38: Queen's Gambit Declined: Ragozin Defence (4
Nf3 Bb4).} Re8 8. Bd2 a6 9. a3 Bd6 10. h3 Bd7 11. Rd1 e5 {[#] Strongly
threatening ...Nxd4!} 12. cxd5 $146 ({Predecessor:} 12. dxe5 Nxe5 13. cxd5
Nxf3+ 14. gxf3 c6 15. dxc6 Bxc6 16. Bg2 Qa5 17. Ne2 Qg5 18. Bc3 {1-0 (84)
Martirosyan,H (2607)-Nguyen,T (2545) Batumi 2019}) 12... exd4 13. dxc6 dxc3 14.
cxd7 cxd2+ 15. Rxd2 Qxd7 16. Bd3 Qe7 17. O-O Rad8 18. Rfd1 c6 19. g3 Bb8 20. b4
g6 21. Bc4 Rxd2 22. Rxd2 Ne4 23. Rd4 Nd6 24. Ba2 Nf5 25. Rd3 {Hoping for e4!}
Rd8 26. h4 (26. e4 $5 Rxd3 27. Qxd3 $14) 26... Rxd3 27. Qxd3 Nd6 28. Qd4 h6 29.
Kg2 Bc7 30. Bb3 Bb8 31. h5 g5 32. Bc2 Bc7 33. Qd3 {[#] White wants to mate
with Qh7+.} Kf8 34. Qd4 {[%cal Rd4h8]} Kg8 35. Nh2 Qe6 36. Nf3 Qe7 {Weighted
Error Value: White=0.11/Black=0.08} 1/2-1/2

[Event "FIDE Chesscom Grand Swiss 2021"]
[Site "Riga"]
[Date "2021.10.29"]
[Round "3.51"]
[White "Jumabayev, Rinat"]
[Black "Meshkovs, Nikita"]
[Result "1/2-1/2"]
[WhiteElo "2658"]
[BlackElo "2550"]
[Annotator "TA"]
[PlyCount "91"]
[EventDate "2021.10.27"]
[EventType "swiss"]
[EventCountry "LAT"]
[Tiebreak "Cut1 Buchholz+Sonneborn-Berger (Swiss)"]
[SourceTitle "playchess.com"]
[Source "ChessBase"]
[SourceQuality "1"]

{[%evp 9,91,34,35,24,30,20,42,15,11,17,15,18,12,-16,16,0,0,-17,0,0,0,-14,27,58,
41,47,34,41,62,28,45,10,58,56,58,58,56,62,67,67,71,60,113,60,56,74,81,77,73,20,
22,14,27,19,25,6,6,0,5,0,0,0,0,0,5,0,0,-6,0,-2,0,0,0,0,0,0,0,0,0,0,0,0,0,-4]} 
1. Nf3 d5 2. g3 Nd7 3. d4 Nb6 4. Bg2 Bf5 5. Nbd2 e6 6. Nh4 {D02: 1 d4 d5 2 Nf3
sidelines, including 2...Nf6 3 g3 and 2...Nf6 3 Bf4.} Bg4 7. O-O Nf6 {[#]} 8.
Qe1 $146 {White is slightly better.} ({Predecessor:} 8. c3 Bd6 9. Qe1 O-O 10.
e4 Be7 11. Nhf3 Bh5 12. Ne5 Nfd7 13. exd5 exd5 14. Ndf3 {0-1 (69) Tanaka,T 
(2099)-Real de Azua,E (2440) Chess.com INT 2021}) 8... c5 9. dxc5 Bxc5 10. e4
O-O 11. c3 Nfd7 12. Nhf3 Re8 13. Nb3 e5 14. h3 Bh5 15. Nh4 d4 16. cxd4 exd4 17.
Nf5 Rc8 18. Bf4 Ne5 19. g4 Bg6 20. Qd1 (20. Bxe5 $5 Rxe5 21. Rc1 $14) 20... d3
21. Rc1 Bf8 22. Rxc8 Nxc8 23. Nc1 h5 24. Bxe5 Rxe5 25. Nxd3 Ra5 ({Black should
try} 25... Re8 $14) 26. Nf4 ({Of course not} 26. gxh5 $6 Bxf5 27. exf5 Nd6 $11)
(26. a3 $16) 26... Qxd1 $14 27. Rxd1 hxg4 28. hxg4 Bxf5 29. exf5 (29. gxf5 $16
{aiming for Rd8.} Rxa2 30. Rd8) 29... Ra4 $11 30. Nd5 ({Not} 30. Bxb7 $2 Nd6
$19) 30... Rxg4 31. f6 Rc4 32. Bh3 gxf6 {The position is equal.} 33. Nxf6+ Kg7
34. Ne8+ Kg6 35. Rd7 Rc1+ 36. Kg2 Re1 37. Nc7 {[#] Black must now prevent Rd8.}
Nb6 38. Rd3 (38. Rd8 {is more complex.} Bc5 39. Rd2 Bb4 40. Rd4 Bc5 41. Rd2)
38... Re5 (38... Re2 {seems wilder.} 39. Rf3 Bd6 40. Bf5+ Kg5 41. Bd3 Rd2) 39.
Bg4 Rc5 40. Ne8 f5 41. Bd1 Nd5 {[#] Hoping for ...Nf4+.} 42. Kf3 Nb4 43. Rd7
Rd5 44. Rxd5 Nxd5 45. Bb3 Nb4 46. Nc7 {Weighted Error Value: White=0.09/
Black=0.07} 1/2-1/2

[Event "FIDE Chesscom Grand Swiss 2021"]
[Site "Riga"]
[Date "2021.10.29"]
[Round "3.52"]
[White "Antipov, Mikhail Al."]
[Black "Suleymanli, Aydin"]
[Result "1-0"]
[WhiteElo "2619"]
[BlackElo "2541"]
[Annotator "TA"]
[PlyCount "79"]
[EventDate "2021.10.27"]
[EventType "swiss"]
[EventCountry "LAT"]
[Tiebreak "Cut1 Buchholz+Sonneborn-Berger (Swiss)"]
[SourceTitle "playchess.com"]
[Source "ChessBase"]
[SourceQuality "1"]

{[%evp 11,79,31,38,9,16,5,19,8,42,42,26,0,10,10,10,11,26,-25,-22,0,-10,-19,0,0,
0,-22,0,0,0,-21,0,0,50,36,100,95,91,64,83,97,101,61,58,68,66,10,172,174,174,
175,174,174,175,171,241,250,330,330,330,330,330,330,710,679,985,968,889,875,
744,707]} 1. e4 c6 2. d4 d5 3. exd5 cxd5 4. Bd3 Nc6 5. c3 Qc7 6. h3 g6 7. Nf3 {
B13: Caro-Kann: Exchange Variation and Panov-Botvinnik Attack.} Bf5 8. Bb5 $5 {
[%mdl 4] 8.Be2 is setting a new trend. Leaves trodden paths.} a6 9. Bxc6+ {
The position is equal.} bxc6 10. O-O Bg7 {[#]} 11. Be3 $146 ({Predecessor:} 11.
Ne5 f6 12. Nd3 Bxd3 13. Qxd3 Nh6 14. c4 O-O 15. Nc3 Qd7 16. Bxh6 Bxh6 17. Rfe1
{1/2-1/2 (67) Epding,O (2148)-Brumm,C (2142) Bayern 2015}) 11... Nf6 12. Nbd2
O-O 13. Re1 a5 14. Rc1 (14. Ne5 $142) 14... a4 $11 15. b4 axb3 16. axb3 Ra2 17.
b4 Rfa8 18. Ne5 Nd7 19. Nxd7 Qxd7 20. Bf4 Rb2 21. g4 {aiming for Ra1.} Be6 22.
Nb3 Rxb3 23. Qxb3 $16 h5 24. Ra1 $1 {[%cal Ra1a8]} Rxa1 25. Rxa1 hxg4 26. Ra8+
Kh7 27. Qa2 {Black must now prevent Qa7.} Bf5 $1 28. f3 (28. Ra7 $1 $14 Qe6 29.
Qd2) 28... g3 $2 {Loses the game.} (28... gxh3 $11 {and Black is okay.} 29. Qf2
Bf6) 29. Qg2 $36 {[%mdl 2048] White has strong initiative.} ({But not} 29. Bxg3
$6 Bxh3 30. Qe2 g5 $16) 29... f6 30. h4 ({Don't play} 30. Bxg3 $6 Bxh3 31. Qe2
Bh6 $16) ({Much less strong is} 30. Qxg3 $6 g5 $16) 30... e5 31. Bxg3 e4 32.
Bf4 Qb7 {[#]} (32... exf3 $142 33. Qxf3 Be4) 33. Qa2 $1 Qd7 34. Qa7 Qe6 {[#]}
35. Qb8 $1 g5 36. hxg5 Bg6 $2 (36... exf3 37. Qe8 fxg5) 37. Qc8 {White is
clearly winning.} Bf5 38. Qxe6 Bxe6 39. gxf6 Bxf6 40. b5 {Weighted Error Value:
White=0.09/Black=0.23} 1-0